Tập bài giảng chính sách xã hội
Nội dung sách giới thiệu về chính sách xã hội; quá trình hình thành chính sách xã hội vị trí ý nghĩa của việc nghiên cứu chính sách xã hội; một số lý thuyết và mô hình về chính sách xã hội......
Đã lưu trong:
| Príomhúdar: | |
|---|---|
| Formáid: | Leabhar |
| Teanga: | Undetermined |
| Foilsithe: |
Thành phố Hồ Chí Minh
Trường Đại học Mở Thành phố Hồ Chí Minh
2018
|
| Ábhair: | |
| Clibeanna: |
Cuir Clib Leis
Gan Chlibeanna, Bí ar an gcéad duine leis an taifead seo a chlibeáil!
|
| Thư viện lưu trữ: | Trung tâm Học liệu Trường Đại học Cần Thơ |
|---|
| LEADER | 01138nam a2200229Ia 4500 | ||
|---|---|---|---|
| 001 | CTU_237447 | ||
| 008 | 210402s9999 xx 000 0 und d | ||
| 082 | |a 353.5 | ||
| 082 | |b Ph431 | ||
| 100 | |a Bùi, Nhựt Phong | ||
| 245 | 0 | |a Tập bài giảng chính sách xã hội | |
| 245 | 0 | |c Bùi Nhựt Phong | |
| 260 | |a Thành phố Hồ Chí Minh | ||
| 260 | |b Trường Đại học Mở Thành phố Hồ Chí Minh | ||
| 260 | |c 2018 | ||
| 520 | |a Nội dung sách giới thiệu về chính sách xã hội; quá trình hình thành chính sách xã hội vị trí ý nghĩa của việc nghiên cứu chính sách xã hội; một số lý thuyết và mô hình về chính sách xã hội... | ||
| 526 | |a Chính sách công,Xã hội học đô thị,Xã hội học nông thôn | ||
| 526 | |b XN203,XN348,XN347 | ||
| 650 | |a Administrative law,Social policy,Chính sách xã hội,Luật hành chính công | ||
| 904 | |i Tuyến | ||
| 910 | |a Tuyến | ||
| 980 | |a Trung tâm Học liệu Trường Đại học Cần Thơ | ||